00708nam a2200229Ia 4500001001000000003000500010008004100015010001100056020001800067040000900085082002200094245012100116250001200237260004700249300001100296650003000307650003200337650004200369700002100411700002200432700002400454Para_9628CHAP220125s2001 xx 000 0 und d a208302 a0-89054-263-5 cCHAP aPA 589.9 L12 2001 aLaboratory guide for identification of plant pathogenic bacteria /c editado por N. W. Schaad, J. B. Jones, W. Chun a3a. ed. aEstados Unidos de América :b APS Press a373 p. aBacterias fitopatógenas aBacteriología agrícola  aPlantas x enfermedades por bacterias aII.Chun, W., ed. aJones, J.B., ed.  aSchaad, N. W., ed.